Boolean-valued models and independence proofs in set theory / (Record no. 8719)

MARC details
000 -LEADER
fixed length control field 01048cam a2200325 a 4500
001 - CONTROL NUMBER
control field 3804271
003 - CONTROL NUMBER IDENTIFIER
control field OSt
005 - DATE AND TIME OF LATEST TRANSACTION
control field 20240624101417.0
008 - FIXED-LENGTH DATA ELEMENTS--GENERAL INFORMATION
fixed length control field 850228s1985 enk b 001 0 eng
010 ## - LIBRARY OF CONGRESS CONTROL NUMBER
LC control number 85004950
020 ## - INTERNATIONAL STANDARD BOOK NUMBER
International Standard Book Number 0198532415 :
Terms of availability $17.95 (U.S.)
040 ## - CATALOGING SOURCE
Original cataloging agency MUST LIBRARY
Transcribing agency MUST
Modifying agency MUST
050 00 - LIBRARY OF CONGRESS CALL NUMBER
Classification number QA248
Item number .B44 1985
082 00 - DEWEY DECIMAL CLASSIFICATION NUMBER
Classification number 511.3
Edition number 19
Item number BEL
100 1# - MAIN ENTRY--PERSONAL NAME
Personal name Bell, J. L.
Fuller form of name (John Lane)
9 (RLIN) 17622
245 10 - TITLE STATEMENT
Title Boolean-valued models and independence proofs in set theory /
Statement of responsibility, etc. J.L. Bell.
250 ## - EDITION STATEMENT
Edition statement 2nd ed.
260 ## - PUBLICATION, DISTRIBUTION, ETC. (IMPRINT)
Place of publication, distribution, etc. Oxford [Oxfordshire] :
Name of publisher, distributor, etc. Oxford University Press,
Date of publication, distribution, etc. 1985.
300 ## - PHYSICAL DESCRIPTION
Extent xx, 165 p. ;
Dimensions 24 cm.
440 #0 - SERIES STATEMENT/ADDED ENTRY--TITLE
Title Oxford logic guides ;
Volume/sequential designation 12
9 (RLIN) 17623
440 #0 - SERIES STATEMENT/ADDED ENTRY--TITLE
Title Oxford science publications
500 ## - GENERAL NOTE
General note Includes indexes.
504 ## - BIBLIOGRAPHY, ETC. NOTE
Bibliography, etc Bibliography: p. 157-160.
650 #0 - SUBJECT ADDED ENTRY--TOPICAL TERM
Topical term or geographic name as entry element Axiomatic set theory.
9 (RLIN) 17624
650 #0 - SUBJECT ADDED ENTRY--TOPICAL TERM
Topical term or geographic name as entry element Independence (Mathematics)
9 (RLIN) 17625
650 #0 - SUBJECT ADDED ENTRY--TOPICAL TERM
Topical term or geographic name as entry element Algebra, Boolean.
9 (RLIN) 17626
650 #0 - SUBJECT ADDED ENTRY--TOPICAL TERM
Topical term or geographic name as entry element Model theory.
9 (RLIN) 17627
906 ## - LOCAL DATA ELEMENT F, LDF (RLIN)
a 7
b cbc
c orignew
d 1
e ocip
f 19
g y-gencatlg
942 ## - ADDED ENTRY ELEMENTS (KOHA)
Source of classification or shelving scheme Dewey Decimal Classification
Koha item type Open Shelf
Holdings
Withdrawn status Lost status Source of classification or shelving scheme Damaged status Not for loan Home library Current library Date acquired Source of acquisition Inventory number Total Checkouts Full call number Barcode Date last seen Price effective from Koha item type
    Dewey Decimal Classification     MUST Main Library MUST Main Library 24/06/2024 Donation 10087   511.3 BEL 2024-21051 24/06/2024 24/06/2024 Open Shelf